00000000nam##2200000za#4500
0019.680823
003CaOODSP
00520250319165116
007ta
008150407|1999||||xxc|||||     f|0| 0 fre|d
020 |a0-662-83860-2
040 |aCaOODSP|bfre
043 |an-cn---
0861 |aH88-3/28-1999F
1101 |aCanada.|bSanté Canada. |bDirection générale de la santé de la population et de la santé publique.
24510|aLes défis d'une société canadienne vieillissante : |b1999 et après / |cPublié par le Conseil consultatif national sur le troisième âge.
260 |aOttawa - Ontario : |bSanté Canada. |c1999.
300 |avi, 81p. : |bill., références ; |c28 cm.
563 |aCouverture souple
590 |a01-07|b2001-02-16
69107|aVieillissement|2gcpds
69107|aAîné|2gcpds
69107|aCondition de la personne âgée|2gcpds
77508|tChallenges of an aging Canadian society : |w(CaOODSP)9.647399
7760#|t1999 et après : |w(CaOODSP)9.639709